Statistiche per Paesi del Mediterraneo

Clicka qui per fare il quiz!

Statistiche generali

  • Questo quiz è stato fatto 2.694 volte
  • Il punteggio medio è 20 su 23

Statistiche sulle risposte

Paese% Corretto
Italia
100%
Spagna
98%
Grecia
98%
Francia
96%
Albania
95%
Egitto
95%
Tunisia
94%
Croazia
94%
Marocco
94%
Algeria
93%
Turchia
93%
Libia
91%
Malta
89%
Cipro
87%
Slovenia
86%
Israele
84%
Bosnia-Erzegovina
84%
Montenegro
83%
Libano
78%
Monaco
73%
Siria
72%
Palestina
46%
Regno Unito (Gibilterra)
34%

Distribuzione punteggi

Percentile per numero di risposta

Percentuale di utenti per punteggio

I tuoi punteggi nel tempo

Non hai fatto questo quiz